000 00420nam a2200205Ia 4500
001 004458
003 YMCAF
005 20230512160301.0
008 100717s1972 ||||||||||||||||| ||und|d
024 _a4458
035 _a4455
040 _aYMCAF
_beng
_cIN-KoLT
041 _aeng
082 _aELE-SAT
100 _aSATYAM M.
245 0 _aELECTRONIC DEVICES
260 _c1972
300 _a264
942 _2ddc
_cBK
999 _c3525
_d3525